| 000 | 00432nam a2200181Ia 4500 | ||
|---|---|---|---|
| 001 | 2405 | ||
| 005 | 20260306144804.0 | ||
| 008 | 260306t2015||||xx |||||||||||||| ||spa|| | ||
| 041 | _aESP | ||
| 082 |
_a616.89 _bJ24 |
||
| 100 |
_aJarne Esparcia, Adolfo _eAUT |
||
| 245 | 0 | _aManual de psicopatología clínica | |
| 260 | _c2015 | ||
| 300 |
_a772 páginas : _c22 cm. |
||
| 650 | _aGEN | ||
| 654 | _aCPS | ||
| 942 |
_cLIB _dJUS _fJUS _2ddc _n |
||
| 999 |
_c2405 _d2405 |
||